Real Options Managerial Flexibility and Strategy in Resource Allocation

Salvato in:
Dettagli Bibliografici
Autore principale: Trigeorgis, Lenos
Natura: Libro
Lingua:inglese
Pubblicazione: Cambridge The MIT Press 1996
Edizione:1. ed.
Soggetti:
Tags: Aggiungi Tag
Nessun Tag, puoi essere il primo ad aggiungerne!!

MARC

LEADER 00000nam a2200000 4500
001 c014793
005 20221205125604.8
020 |a 0-262-20102-X 
041 0 |a eng 
044 |a US 
245 1 0 |a Real Options  |b Managerial Flexibility and Strategy in Resource Allocation  |c Lenos Trigeorgis 
250 |a 1. ed. 
264 1 |a Cambridge  |b The MIT Press  |c 1996 
300 |a 427 s. 
610 2 0 |a rozpočet investičný 
610 2 0 |a zdroje investičné 
610 2 0 |a zdroje finančné 
610 2 0 |a oceňovanie 
610 2 0 |a opcie 
610 2 0 |a rozpočet kapitálový 
100 1 |a Trigeorgis, Lenos